<?xml version="1.0" encoding="UTF-8"?>
<record
    xmlns:xsi="http://www.w3.org/2001/XMLSchema-instance"
    xsi:schemaLocation="http://www.loc.gov/MARC21/slim http://www.loc.gov/standards/marcxml/schema/MARC21slim.xsd"
    xmlns="http://www.loc.gov/MARC21/slim">

  <leader>03087aaa a2200313 i 4500</leader>
  <controlfield tag="003">CSPC</controlfield>
  <controlfield tag="005">20250916163311.0</controlfield>
  <controlfield tag="007">ta</controlfield>
  <controlfield tag="008">240424s2023    ph a     m    000 0 eng  </controlfield>
  <datafield tag="040" ind1=" " ind2=" ">
    <subfield code="a">CSPC</subfield>
    <subfield code="b">eng</subfield>
    <subfield code="c">CSPC</subfield>
    <subfield code="e">rda</subfield>
  </datafield>
  <datafield tag="090" ind1=" " ind2=" ">
    <subfield code="a">UTH BSOA L115t 2023</subfield>
  </datafield>
  <datafield tag="100" ind1="1" ind2=" ">
    <subfield code="a">Labro, Monica B., </subfield>
    <subfield code="e">author. </subfield>
  </datafield>
  <datafield tag="245" ind1="1" ind2="0">
    <subfield code="a">Time management practices of Bachelor of Science in Office Administration students at Camarines Sur Polytechnic Colleges, Buhi Campus /</subfield>
    <subfield code="c">Monica Jean B. Labro, Lydel A. Librando, and Mary Cris L. Lorica. </subfield>
  </datafield>
  <datafield tag="260" ind1=" " ind2=" ">
    <subfield code="a">Buhi, Camarines Sur :</subfield>
    <subfield code="b">Camarines Sur Polytechnic Colleges,</subfield>
    <subfield code="c">2023.</subfield>
  </datafield>
  <datafield tag="300" ind1=" " ind2=" ">
    <subfield code="a">90 leaves. </subfield>
  </datafield>
  <datafield tag="336" ind1=" " ind2=" ">
    <subfield code="2">rdacontent</subfield>
    <subfield code="a">text</subfield>
  </datafield>
  <datafield tag="337" ind1=" " ind2=" ">
    <subfield code="2">rdamedia</subfield>
    <subfield code="a">unmediated</subfield>
  </datafield>
  <datafield tag="338" ind1=" " ind2=" ">
    <subfield code="2">rdacarrier</subfield>
    <subfield code="a">volume</subfield>
  </datafield>
  <datafield tag="502" ind1=" " ind2=" ">
    <subfield code="a">Undergraduate Thesis (BSOA)- Office Administration</subfield>
    <subfield code="c">Camarines Sur Polytechnic Colleges, 2023. </subfield>
  </datafield>
  <datafield tag="520" ind1="3" ind2=" ">
    <subfield code="a">The purpose of this study was to determine the extent of effective time management practices of Bachelor of Science in Office Administration students at Camarines Sur Polytechnic Colleges, Buhi Campus. The population of the study comprised with Third- and Fourth-year students of Bachelor of Science in Office Administration Students at Camarines Sur Polytechnic Colleges, Buhi Campus. One hundred eight participants completed the study survey questionnaire. Statistical data analysis was used with descriptive data analysis and Microsoft Excel Application. The instrument used was descriptive survey. The Slovin's Formula, Percentage Technique, Weighted Mean, and Rank Order were used to compute the data. The following findings revealed that the existence of time management practices to check how students practice their time in terms of Curricular Activities, Co-Curricular Activities and Extra-Curricular Activities. The respondents' average rate in terms of Curricular Activities got the total of 3.18 weighted mean, Co-Curricular Activities got the total of 2.63 weighted mean and Extra-Curricular Activities got the total of 2.61 weighted mean. The effect of time management practices in terms of Curricular Activities, Co-Curricular Activities and Extra-Curricular Activities. The respondent's average rate in terms of Curricular Activities got the total of 3.25, Co-Curricular Activities got the total of 3.19 and Extra-Curricular Activities got the total of 3.20. It shows that students practice most of their time in Curricular Activities and Co-Curricular affect their way on time management. This study recommends that the administration of Bachelor of Science in Office Administration should assist students in developing good time management habit to help student in future work real-time situation. </subfield>
  </datafield>
  <datafield tag="700" ind1="1" ind2=" ">
    <subfield code="a">Librando Lorica A., </subfield>
    <subfield code="e">author.</subfield>
  </datafield>
  <datafield tag="700" ind1="1" ind2=" ">
    <subfield code="a">Lorica  Mary Cris L., </subfield>
    <subfield code="e">author.</subfield>
  </datafield>
  <datafield tag="720" ind1="1" ind2=" ">
    <subfield code="a">Salagal, Marimin N., </subfield>
    <subfield code="e">adviser.</subfield>
  </datafield>
  <datafield tag="720" ind1="1" ind2=" ">
    <subfield code="a">Infante, Leonisa O., </subfield>
    <subfield code="e">panelist, chair.</subfield>
  </datafield>
  <datafield tag="720" ind1="1" ind2=" ">
    <subfield code="a">Oliveros, Josefin N., </subfield>
    <subfield code="e">panelist. </subfield>
  </datafield>
  <datafield tag="720" ind1=" " ind2=" ">
    <subfield code="a">Adriano, Rolando B., </subfield>
    <subfield code="e">panelist. </subfield>
  </datafield>
  <datafield tag="942" ind1=" " ind2=" ">
    <subfield code="2">ddc</subfield>
    <subfield code="n">0</subfield>
    <subfield code="c">UM</subfield>
    <subfield code="h">L115t </subfield>
    <subfield code="i">BSOA </subfield>
    <subfield code="k">UTH </subfield>
    <subfield code="m">2024</subfield>
  </datafield>
  <datafield tag="952" ind1=" " ind2=" ">
    <subfield code="0">0</subfield>
    <subfield code="1">0</subfield>
    <subfield code="2">ddc</subfield>
    <subfield code="4">0</subfield>
    <subfield code="7">1</subfield>
    <subfield code="a">BUHI</subfield>
    <subfield code="b">BUHI</subfield>
    <subfield code="c">UTH</subfield>
    <subfield code="d">2024-04-24</subfield>
    <subfield code="l">0</subfield>
    <subfield code="o">UTH BSOA L115t 2023</subfield>
    <subfield code="p">00062UM-BUH</subfield>
    <subfield code="r">2024-04-24 00:00:00</subfield>
    <subfield code="t">1-2</subfield>
    <subfield code="w">2024-04-24</subfield>
    <subfield code="y">UM</subfield>
  </datafield>
  <datafield tag="952" ind1=" " ind2=" ">
    <subfield code="0">0</subfield>
    <subfield code="1">0</subfield>
    <subfield code="2">ddc</subfield>
    <subfield code="4">0</subfield>
    <subfield code="7">1</subfield>
    <subfield code="a">BUHI</subfield>
    <subfield code="b">BUHI</subfield>
    <subfield code="c">UTH</subfield>
    <subfield code="d">2024-05-14</subfield>
    <subfield code="l">0</subfield>
    <subfield code="o">UTH BSOA L115t 2023</subfield>
    <subfield code="p">00107UM-BUH</subfield>
    <subfield code="r">2024-05-14 00:00:00</subfield>
    <subfield code="t">2-2</subfield>
    <subfield code="w">2024-05-14</subfield>
    <subfield code="y">UM</subfield>
  </datafield>
  <datafield tag="999" ind1=" " ind2=" ">
    <subfield code="c">27513</subfield>
    <subfield code="d">27513</subfield>
  </datafield>
</record>
